[Event "Chigorin Memorial 26th"]
[Site "St Petersburg"]
[Date "2018.11.02"]
[Round "7"]
[White "Ivanov, Sergei V"]
[Black "Vasilyev, Vasily"]
[Result "1/2-1/2"]
[WhiteElo "2055"]
[BlackElo "2272"]
[PlyCount "94"]
[EventDate "2018.10.27"]
[EventType "swiss"]
[EventRounds "9"]
[EventCountry "RUS"]
[SourceTitle "CBM 187 Extra"]
[Source "ChessBase"]
[SourceDate "2018.11.04"]
[SourceVersion "1"]
[SourceVersionDate "2018.11.04"]
[SourceQuality "1"]

1. e4 c5 2. Nf3 d6 3. d4 cxd4 4. Nxd4 Nf6 5. Nc3 a6 6. h3 e6 7. g4 Be7 8. Bg2 0-0 9. Be3 Nc6 10. g5 Nd7 11. h4 Nde5 12. Nxc6 bxc6 13. b3 d5 14. 0-0 Ng6 15. h5 Nh4 16. f4 Nxg2 17. Kxg2 Bb7 18. Na4 e5 19. Bb6 Qb8 20. Bc5 Bxc5 21. Nxc5 exf4 22. Qd4 Qd8 23. Qe5 Re8 24. Qxf4 Qe7 25. h6 Bc8 26. exd5 cxd5 27. Rae1 Be6 28. Nd3 Rac8 29. Rf2 g6 30. Qe5 Bh3+ 31. Kg3 Qf8 32. Qd4 Rxe1 33. Nxe1 Bf5 34. Nf3 Re8 35. Qxd5 Re4 36. Rd2 Qb8+ 37. Qd6 Rg4+ 38. Kh2 Qxd6+ 39. Rxd6 Kf8 40. Rd4 Be4 41. Nd2 Rg2+ 42. Kh3 Bc6 43. Rd6 Bb7 44. Rd7 Bc6 45. Rd6 Bb7 46. Rd7 Bc6 47. Rd6 Bb7 1/2-1/2

[Event "RUS-ch Higher League 69th"]
[Site "Kolomna"]
[Date "2016.06.23"]
[Round "2"]
[White "Vasilyev, Vasily"]
[Black "Triapishko, Alexandr"]
[Result "0-1"]
[WhiteElo "2307"]
[BlackElo "2466"]
[PlyCount "85"]
[EventDate "2016.06.22"]
[EventType "swiss"]
[EventRounds "9"]
[EventCountry "RUS"]
[SourceTitle "CBM 174"]
[Source "ChessBase"]
[SourceDate "2016.09.13"]
[SourceVersion "1"]
[SourceVersionDate "2016.09.13"]
[SourceQuality "1"]

1. d4 Nf6 2. Nf3 g6 3. c4 Bg7 4. Nc3 d5 5. g3 dxc4 6. Bg2 c6 7. Ne5 Be6 8. 0-0 0-0 9. e4 Nfd7 10. f4 Nxe5 11. dxe5 Qxd1 12. Rxd1 f6 13. exf6 exf6 14. Be3 Re8 15. Rd2 Na6 16. Rad1 Bf8 17. Bd4 Bc5 18. Na4 Bxd4+ 19. Rxd4 Kf7 20. Bf1 b5 21. Nc3 Nc5 22. Rd6 Rac8 23. Bg2 b4 24. Nb1 Nd3 25. f5 gxf5 26. exf5 Bxf5 27. Bxc6 Re5 28. Nd2 Nxb2 29. Rf1 Ke7 30. Rd5 Bh3 31. Rxe5+ fxe5 32. Bg2 Bxg2 33. Kxg2 Nd3 34. a3 c3 35. Nb3 bxa3 36. Ra1 c2 37. Rxa3 Rc3 38. Rxa7+ Ke6 39. Ra6+ Kd5 40. Ra5+ Kd6 41. Ra6+ Kc7 42. Ra7+ Kb8 43. Ra3 0-1

[Event "RUS-chT2"]
[Site "Sochi"]
[Date "2016.05.10"]
[Round "9.10"]
[White "Vasilyev, Vasily"]
[Black "Bezgodov, Alexei"]
[Result "1/2-1/2"]
[WhiteElo "2308"]
[BlackElo "2512"]
[PlyCount "81"]
[EventDate "2016.05.01"]
[EventType "team-swiss"]
[EventRounds "9"]
[EventCountry "RUS"]
[SourceTitle "EXT 2018"]
[Source "ChessBase"]
[SourceDate "2017.10.13"]
[SourceVersion "1"]
[SourceVersionDate "2017.10.13"]
[SourceQuality "1"]
[WhiteTeam "Sakha Republic Yakutia"]
[BlackTeam "Nizhny Tagil Politekhnik"]
[WhiteTeamCountry "RUS"]
[BlackTeamCountry "RUS"]

1. d4 d5 2. Nf3 Bf5 3. c4 e6 4. Nc3 Nf6 5. g3 h6 6. Bg2 c6 7. Qb3 Qb6 8. c5 Qc7 9. 0-0 Be7 10. Bf4 Qc8 11. h3 Nbd7 12. g4 Bg6 13. Qa4 Ne4 14. Nxe4 Bxe4 15. b4 a6 16. Qb3 0-0 17. a4 Bf6 18. Ne5 Bxe5 19. Bxe5 Bxg2 20. Kxg2 Nxe5 21. dxe5 f6 22. Qe3 Qc7 23. f4 Rae8 24. Rab1 Qd7 25. Qd4 Rf7 26. Rf3 Ref8 27. Rbf1 Qc7 28. exf6 Rxf6 29. Qe5 Qxe5 30. fxe5 Rxf3 31. Rxf3 g5 32. Rxf8+ Kxf8 33. Kf3 Ke7 34. Ke3 Kd7 35. Kd4 Ke7 36. Kc3 Kd7 37. a5 Ke7 38. e3 Kd7 39. Kd4 Kc7 40. Kd3 Kd7 41. Kd4 1/2-1/2

[Event "RUS-chT2"]
[Site "Sochi"]
[Date "2016.05.03"]
[Round "3.10"]
[White "Vasilyev, Vasily"]
[Black "Shcherbakov, Ruslan"]
[Result "0-1"]
[WhiteElo "2308"]
[BlackElo "2492"]
[PlyCount "48"]
[EventDate "2016.05.01"]
[EventType "team-swiss"]
[EventRounds "9"]
[EventCountry "RUS"]
[SourceTitle "EXT 2018"]
[Source "ChessBase"]
[SourceDate "2017.10.13"]
[SourceVersion "1"]
[SourceVersionDate "2017.10.13"]
[SourceQuality "1"]
[WhiteTeam "Sakha Republic Yakutia"]
[BlackTeam "Satka Vertical"]
[WhiteTeamCountry "RUS"]
[BlackTeamCountry "RUS"]

1. d4 Nf6 2. Nf3 c5 3. d5 b5 4. Bg5 Qb6 5. e3 Bb7 6. a4 Nxd5 7. axb5 h6 8. Bh4 g5 9. Bg3 Bg7 10. c3 0-0 11. Nbd2 d6 12. Bd3 a6 13. bxa6 Bxa6 14. Bxa6 Qxb2 15. Rb1 Qa3 16. Ra1 Qxc3 17. Rc1 Rxa6 18. Rxc3 Nxc3 19. Qc1 Nc6 20. Nb3 Rb8 21. Nfd2 Nb4 22. Kf1 Ra2 23. Nxc5 Rba8 24. Nde4 Ra1 0-1

[Event "Moscow op-A"]
[Site "Moscow"]
[Date "2016.02.03"]
[Round "5"]
[White "Yandarbiev, Ruslan"]
[Black "Vasilyev, Vasily"]
[Result "0-1"]
[WhiteElo "2368"]
[BlackElo "2284"]
[PlyCount "134"]
[EventDate "2016.01.30"]
[EventType "swiss"]
[EventRounds "9"]
[EventCountry "RUS"]
[SourceTitle "CBM 170 Extra"]
[Source "ChessBase"]
[SourceDate "2016.02.25"]
[SourceVersion "1"]
[SourceVersionDate "2016.02.25"]
[SourceQuality "1"]

1. e4 Nf6 2. e5 Nd5 3. c4 Nb6 4. c5 Nd5 5. Bc4 e6 6. Nc3 Nxc3 7. dxc3 Nc6 8. Bf4 Bxc5 9. Qg4 g5 10. Qxg5 Qxg5 11. Bxg5 Rg8 12. Bf4 d6 13. exd6 Bxd6 14. Bg3 Bd7 15. Nf3 Ke7 16. 0-0-0 Rad8 17. Rhe1 h6 18. Re4 f5 19. Re2 Bxg3 20. hxg3 Rg4 21. Bb3 Rf8 22. Ne1 Na5 23. Bd5 f4 24. Rd4 fxg3 25. fxg3 Rxg3 26. Nd3 Nc6 27. Bxc6 Bxc6 28. Nf4 Rf6 29. Kd2 Rg5 30. g3 e5 31. Nd3 Re6 32. Rh4 Bf3 33. Re3 e4 34. Nf2 Rxg3 35. Nxe4 Rg2+ 36. Kd3 Bg4 37. Rg3 Rxg3+ 38. Nxg3 Rg6 39. Ke3 Be6 40. Kf4 Bxa2 41. Nf5+ Kf6 42. Rh2 Be6 43. Nxh6 Rg1 44. Ke4 a5 45. Kd4 Rd1+ 46. Ke4 b5 47. Kf4 Ke7 48. Nf5+ Bxf5 49. Kxf5 Kd6 50. Ke4 Kc5 51. Rh5+ Kb6 52. Rh2 c6 53. Ke3 Kc5 54. Ke2 Rd6 55. Rh4 a4 56. Rg4 Kb6 57. Rg8 Rd7 58. Rh8 Rd6 59. Rg8 c5 60. Rg4 Rd5 61. Rh4 Ka5 62. Rh8 b4 63. c4 Rd6 64. Ra8+ Ra6 65. Rh8 a3 66. Kd3 a2 67. Rh1 Ka4 0-1

[Event "Moscow VAO IM 01"]
[Site "Moscow"]
[Date "2015.01.??"]
[Round "12"]
[White "Utiatskaja, Irina"]
[Black "Vasilyev, Vasily"]
[Result "1/2-1/2"]
[WhiteElo "2040"]
[BlackElo "2280"]
[PlyCount "61"]
[EventDate "2015.01.20"]
[EventType "tourn"]
[EventRounds "13"]
[EventCountry "RUS"]
[EventCategory "3"]
[SourceTitle "EXT 2016"]
[Source "ChessBase"]
[SourceDate "2015.10.08"]
[SourceVersion "1"]
[SourceVersionDate "2015.10.08"]
[SourceQuality "1"]

1. e4 c5 2. Nf3 d6 3. d4 cxd4 4. Nxd4 Nf6 5. f3 a6 6. c4 Nc6 7. Nc3 e6 8. Be2 Be7 9. Be3 0-0 10. 0-0 Qc7 11. Qd2 Rd8 12. Rfc1 Nxd4 13. Bxd4 b6 14. a3 Bb7 15. b4 Nd7 16. Bf1 Rac8 17. Rab1 Ba8 18. Be3 Qb7 19. Qf2 Bf6 20. Na4 b5 21. Nb6 Nxb6 22. Bxb6 Re8 23. cxb5 axb5 24. Rxc8 Rxc8 25. Bxb5 Bd8 26. Bxd8 Qxb5 27. Bb6 Qd3 28. Ra1 Rc2 29. Qe3 Qc4 30. Qd4 Qe2 31. Qf2 1/2-1/2

[Event "RUS-chT U20"]
[Site "Kaliningrad"]
[Date "2013.08.08"]
[Round "7"]
[White "Vasilyev, Vasily"]
[Black "Kuliukin, Anton"]
[Result "1-0"]
[WhiteElo "2161"]
[BlackElo "1904"]
[PlyCount "85"]
[EventDate "2013.08.02"]
[EventType "team-swiss"]
[EventRounds "9"]
[EventCountry "RUS"]
[SourceTitle "EXT 2018"]
[Source "ChessBase"]
[SourceDate "2017.10.13"]
[SourceVersion "1"]
[SourceVersionDate "2017.10.13"]
[SourceQuality "1"]

1. d4 Nf6 2. c4 e6 3. Nf3 b6 4. g3 Ba6 5. Qc2 Bb7 6. Bg2 c5 7. dxc5 bxc5 8. 0-0 Be7 9. Nc3 0-0 10. b3 d6 11. Bb2 Qb6 12. Rad1 Bc6 13. Ba1 Qb7 14. Rfe1 Ne4 15. Nd2 Nxc3 16. Qxc3 Bf6 17. Bxc6 Qxc6 18. Qc1 Bxa1 19. Qxa1 d5 20. cxd5 exd5 21. Nf3 Nd7 22. Qc3 a5 23. e3 f6 24. Nd4 Qb7 25. Ne6 Rfc8 26. e4 dxe4 27. Qc4 Ne5 28. Nd8+ Nxc4 29. Nxb7 Rab8 30. Rxe4 Ne5 31. Nxa5 Ra8 32. Nc4 Nxc4 33. bxc4 Rc7 34. Rd2 Kf7 35. h4 Re7 36. Rxe7+ Kxe7 37. Rd5 Rxa2 38. Rxc5 Kd7 39. Rh5 h6 40. Rd5+ Kc7 41. h5 Rc2 42. Rd4 Ra2 43. Rg4 1-0

[Event "Yakutsk Nikolaev Memorial"]
[Site "Yakutsk"]
[Date "2012.12.15"]
[Round "7"]
[White "Odnorozhenko, Evgenyi"]
[Black "Vasilyev, Vasily"]
[Result "1-0"]
[WhiteElo "2317"]
[BlackElo "2165"]
[PlyCount "73"]
[EventDate "2012.12.12"]
[EventType "tourn"]
[EventRounds "9"]
[EventCountry "RUS"]
[EventCategory "2"]
[SourceTitle "CBM 152 Extra"]
[Source "ChessBase"]
[SourceDate "2013.02.25"]
[SourceVersion "1"]
[SourceVersionDate "2013.02.25"]
[SourceQuality "1"]

1. d4 Nf6 2. Nf3 g6 3. c4 Bg7 4. Nc3 0-0 5. e4 d6 6. Be2 e5 7. d5 Nbd7 8. 0-0 Ne8 9. Bg5 f6 10. Bh4 a5 11. a3 Qe7 12. Rb1 Qf7 13. Nd2 Bh6 14. b4 f5 15. f3 Be3+ 16. Bf2 Bxf2+ 17. Rxf2 f4 18. Nb3 b6 19. bxa5 bxa5 20. Na4 Nb6 21. Nxb6 cxb6 22. Nc1 Qc7 23. Qb3 Rb8 24. Nd3 Rb7 25. Bd1 Nf6 26. Qc3 Bd7 27. Rfb2 Rbb8 28. Kh1 g5 29. Bb3 Kh8 30. Qc2 Rfc8 31. Qf2 Be8 32. Kg1 Rb7 33. Ba2 Rcb8 34. g3 fxg3 35. hxg3 g4 36. fxg4 Nxe4 37. Qf8# 1-0

[Event "Yakutsk Nikolaev Memorial"]
[Site "Yakutsk"]
[Date "2012.12.12"]
[Round "1"]
[White "Vasilyev, Vasily"]
[Black "Mischuk, Dmitry"]
[Result "0-1"]
[WhiteElo "2165"]
[BlackElo "2307"]
[PlyCount "76"]
[EventDate "2012.12.12"]
[EventType "tourn"]
[EventRounds "9"]
[EventCountry "RUS"]
[EventCategory "2"]
[SourceTitle "CBM 152 Extra"]
[Source "ChessBase"]
[SourceDate "2013.02.25"]
[SourceVersion "1"]
[SourceVersionDate "2013.02.25"]
[SourceQuality "1"]

1. d4 Nf6 2. c4 g6 3. Nf3 Bg7 4. g3 0-0 5. Bg2 d5 6. 0-0 c6 7. Nc3 dxc4 8. Ne5 Be6 9. e4 Nbd7 10. f4 Nxe5 11. fxe5 Bg4 12. Qd2 Ne8 13. h3 Bc8 14. Na4 Nc7 15. Qd1 Na6 16. Bf4 Nb4 17. Be3 Nd3 18. b3 c5 19. d5 Nxe5 20. Nxc5 b6 21. Na4 Ba6 22. bxc4 Bxc4 23. Rf2 Nd3 24. Rc2 b5 25. Rb1 bxa4 26. Rxc4 Nb2 27. Rxb2 Bxb2 28. Rxa4 Be5 29. Bf4 Qd6 30. Qd2 Rfc8 31. Bf1 Qb6+ 32. Be3 Qf6 33. Bf4 Rab8 34. Bd3 Rb2 35. Qe3 Rc3 36. Rxa7 g5 37. Ra8+ Kg7 38. Bxg5 Rc1+ 0-1

[Event "Moscow op-E"]
[Site "Moscow"]
[Date "2011.01.31"]
[Round "3.221"]
[White "Dugin, Andrey"]
[Black "Vasilyev, Vasily"]
[Result "0-1"]
[WhiteElo "1728"]
[BlackElo "2006"]
[PlyCount "44"]
[EventDate "2011.01.29"]
[EventType "swiss"]
[EventRounds "9"]
[EventCountry "RUS"]
[SourceTitle "EXT 2022"]
[Source "ChessBase"]
[SourceDate "2021.10.06"]
[SourceVersion "1"]
[SourceVersionDate "2021.10.06"]
[SourceQuality "1"]

1. e4 c5 2. f4 d6 3. Nc3 Nc6 4. Nf3 g6 5. Bb5 Bd7 6. d3 Bg7 7. 0-0 a6 8. Bc4 b5 9. Bb3 e6 10. a4 Na5 11. e5 Bc6 12. Bd2 Nxb3 13. cxb3 Ne7 14. Be3 Nf5 15. Bd2 0-0 16. exd6 Qxd6 17. Ne4 Qxd3 18. Nxc5 Bd4+ 19. Nxd4 Qxd4+ 20. Kh1 Qxc5 21. Qg4 Rad8 22. Bc3 Ne3 0-1